The high court bulletin [2013] H.C.B Vol. 1 : (Record no. 40187)
[ view plain ]
| 000 -LEADER | |
|---|---|
| fixed length control field | 03390nam a22002177a 4500 |
| 003 - CONTROL NUMBER IDENTIFIER | |
| control field | OSt |
| 005 - DATE AND TIME OF LATEST TRANSACTION | |
| control field | 20260407134711.0 |
| 008 - FIXED-LENGTH DATA ELEMENTS--GENERAL INFORMATION | |
| fixed length control field | 260407b |||||||| |||| 00| 0 eng d |
| 040 ## - CATALOGING SOURCE | |
| Original cataloging agency | LC |
| Language of cataloging | ENG |
| Transcribing agency | LC |
| Modifying agency | ABK |
| Description conventions | RDA |
| 082 ## - DEWEY DECIMAL CLASSIFICATION NUMBER | |
| Edition number | 23rd ed. |
| Classification number | 348.044 |
| Item number | HIG |
| 245 ## - TITLE STATEMENT | |
| Title | The high court bulletin [2013] H.C.B Vol. 1 : |
| Remainder of title | (a digest of judgements and orders of the supreme court of Uganda, the court of appeal of Uganda, the constitutional court and the high court of Uganda) / |
| Statement of responsibility, etc. | edited by Bakunzi Didas Mufasha and Rose Kawesa Nalule. |
| 260 ## - PUBLICATION, DISTRIBUTION, ETC. | |
| Place of publication, distribution, etc. | Kampala, Uganda : |
| Name of publisher, distributor, etc. | The Law Development Center, |
| Date of publication, distribution, etc. | January/December 2013. |
| 300 ## - PHYSICAL DESCRIPTION | |
| Extent | 102 pages : |
| Dimensions | 28 cm. |
| 505 ## - FORMATTED CONTENTS NOTE | |
| Formatted contents note | Advocates For Natural Resources Governance and Development and 2 Others Vs. Attorney General and Uganda National Roads Authority (CC)...50… Akbar Hussein Godi Vs. Uganda (CA)...11… British American Tobacco (U) Ltd Vs. Sedrach Mwijakubi and 4 Others (SC)…35… Buyinza Ronald Vs. Uganda (CA)...9… Charles Lubowa and 4 Others Vs. Makerere University (SC)...17… Concorp International Limited Vs. Eastern and Southern Africa Trade and Development Bank (SC) ...23…C.R. Patel Vs. The Commissioner Land Registration and 2 Others (HC)...91…Daveshan Development and Another Vs. Shanita Namuyimbwa And Another (HC)…89... David Omorio And Another Vs. Uganda (SC)…1… Edith Nantumbwe Kizito And 3 Others Vs. Miriam Kuteesa (CA)...71… Ephraim Turinawe and Another Vs. Molly Kyalimpa Turinawe And 4 Others (SC)...41…Geofrey Kazinda Vs. Attorney General (CC)...58… George M. Mukula Vs. Uganda (HC)…100… Giuliano Gariggio Vs. Glaudio Casadio (SC)...33… Godfrey Opus Vs. Harvest Farm Seeds (SC)...45… Hassan Basajjabalaba and Another Vs. Attorney General (CA) ...64 ... Joseph Nyakana and Another Vs. Bethuel Nsubuga And Another (HC)...98 ... Julius Rwabinumi Vs. Hope Bahimbisomwe (SC)…19… Kabale Housing Estate Tenants Association Limited Vs. Kabale Municipal Local Government Council (SC)…30… Kampala Capital City Authority Vs. Zzimwe Enterprises, Hardware And Construction Limited (HC)…84… Kikonda Butema Farm Limited Vs. Attorney General (CA)...61… Kyambogo University Vs. Isaiah Omolo Ndiege (CA) ...55… Magombe Joseph Vs. Uganda (CC)…73… Makerere University Vs. Omumbejja Namusisi Farida Naluwembe Namirembe Bwanga also known as Namirembe Bwanga Bwamirembe (HC)...86… Margaret Kato and Another Vs. Nuulu Nalwoga (SC). )... 14… Mugasa Joseph Vs. Uganda (SC)...4… Namugerwa Hadijah Vs. Director of Public Prosecutions and Attorney General (SC)...38… National Drug Authority Vs. John Chris Bakiza T/A M/S Kabyesiza & Co. Advocates (HC)…96… Nipun Norattam Bhatia Vs. Crane Bank Limited (CA)…76… Olara John Peter Vs. Uganda (CA)...6… Serunkuma Edirisa and Another Vs. Attorney General (CC)...78…Stanbic Bank Uganda Limited Vs. Atabya Agencies Limited (SC)... 47… Sumaya Nabawanuka Vs. Med Makumbi (HC)…82… Theodore Ssekikubo And 3 Others Vs. Attorney General and 4 Others (SC)...26… Wamono Shem Vs. Equity Bank Uganda Limited and Constance Wakyemba (HC)…80… William Mukasa Vs. Uganda Revenue Authority (CA)…68 |
| 650 ## - SUBJECT ADDED ENTRY--TOPICAL TERM | |
| Topical term or geographic name entry element | High court Bulletin |
| 9 (RLIN) | 67710 |
| 650 ## - SUBJECT ADDED ENTRY--TOPICAL TERM | |
| Topical term or geographic name entry element | Supreme Court of Uganda |
| 9 (RLIN) | 67711 |
| 650 ## - SUBJECT ADDED ENTRY--TOPICAL TERM | |
| Topical term or geographic name entry element | Court of appeal of Uganda |
| 9 (RLIN) | 67712 |
| 700 ## - ADDED ENTRY--PERSONAL NAME | |
| Personal name | Mufasha, Didas Bakunzi |
| 9 (RLIN) | 67713 |
| 700 ## - ADDED ENTRY--PERSONAL NAME | |
| Personal name | Nalule, Rose Kawesa |
| 9 (RLIN) | 67714 |
| 942 ## - ADDED ENTRY ELEMENTS (KOHA) | |
| Source of classification or shelving scheme | Dewey Decimal Classification |
| Koha item type | Book |
| Withdrawn status | Lost status | Source of classification or shelving scheme | Materials specified (bound volume or other part) | Damaged status | Not for loan | Home library | Current library | Date acquired | Total Checkouts | Full call number | Barcode | Date last seen | Price effective from | Koha item type |
|---|---|---|---|---|---|---|---|---|---|---|---|---|---|---|
| Dewey Decimal Classification | Volume 1 | Law Library | Law Library | 07/04/2026 | 348.044 HIG | 15029 | 07/04/2026 | 07/04/2026 | Book |